Responses for Show #1522 - Tuesday, March 26, 1991

Tom Halpern game 3.
Game entered from audiorecording. Missing prizes.

Contestants

[<< previous game]

Don Hawthorne, a writer from San Pedro, California

Karen Anderson, an entrepreneur from Newburyport, Massachusetts

Tom Halpern, a researcher and writer from New York City, New York (whose 2-day cash winnings total $23,602)

[next game >>]

Jeopardy! Round responses

CLASSICAL MUSIC
MEDALS & DECORATIONS
ODDS & ENDS
MYTHOLOGICAL NAMES
INDIA
THE LETTER F
    $100 7
(Karen: What is the Sistine Chapel?)
(Alex: Sistine Chapel, or [*], yes.)

Sistine Choir

Karen
    $100 6
(Karen: What is Israel?)

Lebanon

TomKaren
    $100 14
fidelity

Tom
    $100 17
(Alex: Yes, [*] Ramey was her name.)

Venus

Tom
    $100 18
elephants

Tom
    $100 1
4-F

Tom
    $200 8
(Don: Who is Schubert?)

Johann Strauss, Jr.

Don
Triple Stumper
    $200 12
(Don: What is the Freedom Medal?)

Congressional Medal of Honor

KarenDon
    $200 10
(Don: What is South Africa?)
(Tom: What is the United States?)
...
(Alex: And I'm sure they are regretting it because that country is [*].)

Iraq

TomDon
Triple Stumper
    $200 23
Pluto

Don
    $200 19
Nehru

Tom
    $200 2
fluorine

Tom
    $500 9
(Karen: Sorry.)
(Alex: It's the music of Camille Saint-Saƫns, the [*]. [*].)
...
(The music was reprised going into the first commercial break.)

"Danse Macabre"

Karen
    $300 13
(Don: Who is Peary?)

(Admiral) Byrd

TomDon
    $300 11
a boat

Don
    $300 24
Thor Heyerdahl

Tom
    $300 20
(Alex: With a minute to go.)

Islam

Don
    $300 3
Friday

Karen
    $400 21
the Crimean War

Don
    $400 15
(Karen: What is the Indian Ocean?)
...
(Alex: Yes, the Marianas Trench.)

the Pacific Ocean

TomKaren
    $400 27
[The end-of-round signal sounds.]

Diana Rigg

Karen
    $400 25
Mountbatten

Tom
    $400 4
gh (or ph)

Tom
    $500 22
the Netherlands

Karen
    $500 16
Walt Kelly

Karen
    $500 26
dhoti

Triple Stumper
    $500 5
F. Murray Abraham

Don

Scores at the first commercial break (after clue 10):

Tom Karen Don
$600 -$200 $100

Scores at the end of the Jeopardy! Round:

Tom Karen Don
$2,500 $1,000 $800

Double Jeopardy! Round responses

HISTORY
STATE TREES
ART MOVEMENTS
DEMOCRATS
FISH
TOMS IN LITERATURE
    $200 1
Idi Amin

Karen
    $200 8
(Don: What is red?)

white

TomDon
    $200 7
cubism

Karen
    $200 6
George Wallace

Don
    $200 21
fry

Triple Stumper
    $200 26
Tom Sawyer

Tom
    $400 2
Bismarck

Karen
    $400 17
Ponderosa

Tom
    $400 13
surrealism

Tom
    $1,100 9
Andrew Jackson

Tom
    $400 22
flatfish

Tom
    $400 27
Tom Brown

Karen
    $600 3
Sudan

Karen
    $600 18
South Dakota

Karen
    $600 14
pop art

Tom
    $600 10
Lloyd Bentsen

Tom
    $600 23
bouillabaisse

Tom
    $600 28
Tom Thumb

Don
    $800 4
Confucius

Don
    $800 19
hemlock

Tom
    $800 15
art deco

Tom
    $800 11
Bill Bradley

Tom
    $800 24
parrotfish

Don
    $800 29
Tom Swift

Karen
    $1000 5
the Peloponnesian War

Karen
    $1000 20
New Mexico

Tom
    $1,000 16
El Greco

Tom
    $1000 12
FDR (Franklin Delano Roosevelt)

Tom
    $1000 25
a remora

Don
    $1000 30
(Tom: Who is Tom...)

Tom Buchanan

TomKaren

Scores at the end of the Double Jeopardy! Round:

Tom Karen Don
$11,400 $6,200 $4,000

[wagering suggestions for these scores]

Final Jeopardy! Round responses

BUSINESS & INDUSTRY
(Alex: You had to start thinking about Shakespeare & perhaps some nicknames for Shakespeare to assist you in this one.)
...
(Alex: The correct response: "Ding-dong, [*] calling". The Bard of [*], Stratford-upon-[*].)
DonWhat is Estee Lauder?
$3,000
KarenWhat is Elizabeth Arden?
$4,000
TomWhat is Clarion?
$1,001
Avon

Final scores:

Tom Karen Don
$10,399 $2,200 $1,000
3-day champion: $34,001 2nd place 3rd place

Game dynamics:

Coryat scores:

Tom Karen Don
$10,700 $6,700 $4,000
27 R
(including 2 DDs),
2 W
15 R,
3 W
(including 1 DD)
10 R,
5 W

Combined Coryat: $21,400

[game clues] [game scores] [suggest correction]

Game tape date: 1991-01-30
The J! Archive is created by fans, for fans. Scraping, republication, monetization, and malicious use prohibited; this site may use cookies and collect identifying information. See terms. The Jeopardy! game show and all elements thereof, including but not limited to copyright and trademark thereto, are the property of Jeopardy Productions, Inc. and are protected under law. This website is not affiliated with, sponsored by, or operated by Jeopardy Productions, Inc. Join the discussion at JBoard.tv.